000 00325nam a2200121Ia 4500
008 240624s9999 xx 000 0 und d
041 _aeng
082 _a179.3 KAR
100 _aKARLEKAR HIRANMAY
245 _aSAVAGE HUMANS AND STRAY DOGS A STUDY IN
260 _c2008
_aNew Delhi
_bSage
300 _axiv, : 275 : p. : cm. ; 21
999 _c21544
_d21544